00000000nam 2200000zi 4500
0019.932050
003CaOODSP
00520241120150300
006m     o  d f      
007cr |n|||||||||
008231229e197403##qucb    o    f|0| 0 fre d
040 |aCaOODSP|bfre|erda|cCaOODSP
043 |an-cn-qu
0861 |aCW66-1497/1974F-PDF
1001 |aLemieux, Serge, |eauteur.
24510|aÉvaluation écologique préliminaire des habitats et de l'avifaune des rives de la rivière Montmorency / |cpar Serge Lemieux.
264 1|a[Sainte-Foy, Québec] : |bService canadien de la faune, |cmars 1974.
300 |a1 ressource en ligne (16 pages) : |bcarte
336 |atexte|btxt|2rdacontent/fre
337 |ainformatique|bc|2rdamedia/fre
338 |aressource en ligne|bcr|2rdacarrier/fre
500 |aÉdition numérisée de l’imprimé [par Environnement et changement climatique Canada].
650 6|aOiseaux|xHabitat|zQuébec (Province)|zMontmorency, Rivière.
650 0|aBirds|xHabitat|zQuébec (Province)|zMontmorency River.
7102 |aService canadien de la faune, |eorganisme de publication.
85640|qPDF|s353 Ko|uhttps://publications.gc.ca/collections/collection_2024/eccc/cw66/CW66-1497-1974-fra.pdf